Etica nicomaquea
Guardat en:
| Autor principal: | |
|---|---|
| Format: | Llibre |
| Idioma: | espanyol |
| Publicat: |
Ciudad de México
Porrúa
2013
|
| Edició: | 23a. ed |
| Col·lecció: | Sepan Cuantos..., 70
|
| Matèries: | |
| Etiquetes: |
Afegir etiqueta
Sense etiquetes, Sigues el primer a etiquetar aquest registre!
|
MARC
| LEADER | 00000cam a2200000 a 4500 | ||
|---|---|---|---|
| 001 | UCD2627 | ||
| 003 | CL-VaPUC | ||
| 005 | 20241127085257.0 | ||
| 008 | 160505e20130000mx |||||||||||||||||spa|d | ||
| 999 | |c 363749 |d 363747 | ||
| 020 | |a 9789700773124 | ||
| 040 | |c Pontificia Universidad Católica de Valparaíso | ||
| 082 | 0 | 4 | |a 185 |b ARI |2 21 |
| 100 | |a Aristóteles, |d 384 a.C.- 322 a.C. |e author |9 194 | ||
| 245 | 1 | 0 | |a Etica nicomaquea |
| 246 | 1 | 0 | |a Política |
| 250 | |a 23a. ed | ||
| 260 | |a Ciudad de México |b Porrúa |c 2013 | ||
| 300 | |a 421 p | ||
| 490 | 0 | |a Sepan Cuantos..., 70 | |
| 583 | |a last modification |c 20160505 16:04:00 |k Rodrigo Vera | ||
| 600 | 0 | |a Aristóteles, |d 384 a.C.- 322 a.C. |9 194 | |
| 650 | 0 | |a Etica política |9 255799 |x Virtud |x Etica eudemonista |x El Bien |x La felicidad |x Moral |z Grecia antigua | |
| 942 | |c BK |2 ddc | ||
| 945 | |d 20160505 16:04:00 |a cmena | ||
| 952 | |0 0 |1 0 |2 ddc |3 erb |4 0 |6 185_000000000000000_ARI_2013 |7 0 |8 P |9 476425 |a BIBARQ |b BIBARQ |i 5285828 |o 185 ARI 2013 |p 5285828 |r 2025-01-20 |w 2019-11-24 |y BK |z Catalogado en:20160505 |k ARQ | ||
| 952 | |0 0 |1 0 |2 ddc |3 erb |4 0 |6 185_000000000000000_ARI_2013 |7 0 |8 P |9 476426 |a BIBARQ |b BIBARQ |i 5285836 |o 185 ARI 2013 |p 5285836 |r 2025-01-20 |w 2019-11-24 |y BK |z Catalogado en:20160505 |k ARQ | ||
| 952 | |0 0 |1 0 |3 erb |4 0 |6 185_000000000000000_ARI_2013 |7 0 |8 A |9 476427 |a BIBHIS |b BIBHIS |i 537491K |o 185 ARI 2013 |p 537491K |r 2025-01-20 |w 2019-11-24 |y BK |z Catalogado en:20170508 |k HIS | ||
| 952 | |0 0 |1 0 |3 erb |4 0 |6 185_000000000000000_ARI_2013 |7 0 |8 A |9 476428 |a BIBHIS |b BIBHIS |i 5411742 |o 185 ARI 2013 |p 5411742 |r 2025-01-20 |w 2019-11-24 |y BK |z Catalogado en:20170728 |k HIS | ||